Pays les plus peuplés d'Europe - Statistiques

Statistiques générales
  • Ce quiz a été pris 150 fois
  • Le résultat moyen est 9 sur 10
Réponses sur la Carte
Les réponses sont colorées sur une échelle allant du rouge au vert en fonction du pourcentage des utilisateurs qui les ont devinées à leur premier essai. Vous pouvez retrouver ces pourcentages ci-dessous.
 
Statistiques - réponses
Classement Population Pays % Correct
3 83 500 000 Allemagne
100%
7 48 800 000 Espagne
100%
5 68 500 000 France
100%
6 58 900 000 Italie
100%
1 143 500 000 Russie
100%
4 69 200 000 Royaume-Uni
99%
9 36 500 000 Pologne
98%
8 37 800 000 Ukraine
92%
10 19 000 000 Roumanie
91%
2 85 500 000 Turquie
45%
Aucun quiz correspondant
Distribution des résultats
% des personnes avec chaque résultat
Percentile par nombre de réponses
Votre historique - résultats
Vous n’avez pas pris ce quiz